Normal view
MARC view
- Meer, Thelma Q.,
Entry Personal Name
001 - CONTROL NUMBER
- control field: 4672
003 - CONTROL NUMBER IDENTIFIER
- control field: URS
005 - DATE AND TIME OF LATEST TRANSACTION
- control field: 20230530092305.0
008 - FIXED-LENGTH DATA ELEMENTS
- fixed length control field: 230530|| aca||aabn | a|a d
040 ## - CATALOGING SOURCE
- Original cataloging agency: URS
100 ## - HEADING--PERSONAL NAME
- Personal name: Meer, Thelma Q.,
- Relator term: author.